Riadenie v Japonsku : organizácia a metódy /
Uložené v:
| Hlavný autor: | |
|---|---|
| Ďalší autori: | |
| Médium: | Kniha |
| Jazyk: | Slovak Russian |
| Vydané: |
Bratislava :
Pravda,
1989.
|
| Vydanie: | 1. vyd. |
| Edícia: | Členská knižnica Pravda
|
| Témy: | |
| ISBN: |
(brož.) |
| Fyzický popis: |
289 s. ; 20 cm. |
| Tagy: |
Pridať tag
Žiadne tagy, Buďte prvý kto otaguje tento záznam!
|
Titul je dostupný aj v ... 

MARC
| LEADER | 00000nam a2200000 a 4500 | ||
|---|---|---|---|
| 001 | 000188198 | ||
| 005 | 20071011092026.0 | ||
| 008 | 060420s1989 xo g 000 0 slo d | ||
| 020 | |a (brož.) | ||
| 040 | |a SVKKK |b slo |c SVKKK |e AACR2 | ||
| 041 | 1 | |a slo |h rus | |
| 043 | |a a-ja--- | ||
| 044 | |a xo |c SK | ||
| 072 | 7 | |a 330.5+338 |x Národné hospodárstvo a hospodárska politika |2 konspekt | |
| 080 | |a 330.5+338 |2 2001 | ||
| 080 | |a (520) |2 2001 | ||
| 080 | |a (035) |2 2001 | ||
| 100 | 1 | |a Kuricyn, Aleksandr Nikolajevič | |
| 240 | 1 | 0 | |a Upravlenije v Japonii. |l Slovensky |
| 245 | 1 | 0 | |a Riadenie v Japonsku : |b organizácia a metódy / |c A. N. Kuricyn ; [ z ruského originálu preložila Akkuľ Turnovcová]. |
| 250 | |a 1. vyd. | ||
| 260 | |a Bratislava : |b Pravda, |c 1989. | ||
| 300 | |a 289 s. ; |c 20 cm. | ||
| 366 | |e 3000 výtl. | ||
| 490 | 1 | |a Členská knižnica Pravda | |
| 500 | |a Preklad z rus. orig. | ||
| 500 | |a Údaj o prekl. prevzatý z tiráže | ||
| 500 | |a Popísané podľa xerokópie | ||
| 650 | 0 | 7 | |a národné hospodárstvo |2 SVKKKPH |
| 651 | 7 | |a Japonsko |2 SVKKKPH | |
| 655 | 7 | |a príručky |2 SVKKKPH | |
| 700 | 1 | |a Turnovcová, Akkuľ |4 trl | |
| 765 | 0 | |t Upravlenije v Japonii. Slovensky |a Kuricyn, Aleksandr Nikolajevič | |
| 830 | 0 | |a Členská knižnica Pravda | |
| 910 | |a svkkk | ||
| 998 | |a BK | ||
| 090 | |g SCKHL |k Sklad |a II.319465 |j 789910 |i 188198-20 |s Vyradená | ||
| 090 | |g SCKHL |k Sklad Pribinova 2. posch. |a II.319464 |j 789909 |i 2720070788 |s Absenčne | ||
| 090 | |g SCKHL |k Sklad Pribinova 2. posch. |a II.319466 |j 789911 |i 2720184307 |s Absenčne | ||
| 090 | |g SCKHL |k Sklad Pribinova 2. posch. |a II.319467 |j 789912 |i 188198-40 |s Nezvestná 1 | ||
| 090 | |g SCKHL |k Sklad Hlavná 10 prízemie |a III.207237 |j 990851 |i 2720078586 |s Absenčne | ||